Riadenie vzťahov so zákazníkmi diplomová práca

Gespeichert in:
Bibliographische Detailangaben
1. Verfasser: Mašánová, Renáta
Körperschaft: Obchodná fakulta EU. Katedra marketingu
Weitere Verfasser: Oreský, Milan, 1956-
Format: Buch
Sprache:Slowakisch
Veröffentlicht: Bratislava 2014
Tags: Tag hinzufügen
Keine Tags, Fügen Sie das erste Tag hinzu!

MARC

LEADER 00000nbm a2200000 4500
001 0186131
005 20190819104636.1
041 0 |a slo 
044 |a SK 
245 1 0 |a Riadenie vzťahov so zákazníkmi  |b diplomová práca  |c Renáta Mašánová ; školiteľ: Milan Oreský 
264 1 |a Bratislava  |c 2014 
300 |a 60 s. 
100 1 |a Mašánová, Renáta 
700 1 |a Oreský, Milan, 1956- 
710 2 |a Obchodná fakulta EU. Katedra marketingu